00729nam a22002177a 4500003000500000005001700005008004100022010000900063011000900072035000900081040000900090100002800099245012300127260004200250300002100292502008700313650002600400650003600426650002500462650002400487CHAP20220329133624.0971013s1992 r 00010 d a8689 a9661 a8896 cCHAP00aMontes García, Noé. aEfecto de la defoliación sobre las relaciones hídricas y de fuente-demanda en sorgo sometido a déficit hídrico aMontecillo, Méx. :bEl autor,c1992 a96 h.b; gráfs aTesis (M.C. Esp. en Fisiología Vegetal) -- C.P. Programa de Fisiología Vegetal14aSorgoxDefoliación.14aSorgoxEfecto de las sequías.14aSorgoxIrrigación.14aSorgoxRendimiento.